|
|
|
|
| LEADER |
00000nab a2200000 a 4500 |
| 001 |
vtls010331550 |
| 003 |
SK-MaSNL |
| 005 |
20260303091344.0 |
| 008 |
111220 2011 xo e 000 0 slo |
| 038 |
|
|
|a PPPK
|
| 040 |
|
|
|a PPPKCL
|b slo
|c PPPK
|e AACR2
|
| 041 |
0 |
|
|a slo
|
| 044 |
|
|
|a xo
|c SK
|
| 080 |
|
|
|a 791.43.079
|2 2001
|
| 080 |
|
|
|a 796.524
|2 2001
|
| 080 |
|
|
|a 791.229.2
|2 2001
|
| 245 |
0 |
0 |
|a Grand Prix putuje do Čiech
|c [autor] (pet)
|
| 611 |
2 |
7 |
|a Medzinárodný festival horských filmov
|n (19. :
|d 2011 :
|c Poprad, Slovensko)
|2 pppkcl
|9 1099521
|
| 650 |
0 |
7 |
|a horské filmy
|2 pppkcl
|9 74357
|
| 650 |
0 |
7 |
|a dokumentárne filmy
|2 pppkcl
|9 3400
|
| 650 |
0 |
7 |
|a horolezectvo
|2 pppkcl
|9 1050
|
| 650 |
0 |
7 |
|a filmové festivaly a prehliadky
|2 pppkcl
|9 3405
|
| 651 |
|
7 |
|a Poprad (Slovensko)
|2 pppkcl
|9 20155
|
| 773 |
0 |
|
|t Tatranský dvojtýždenník
|g Roč. XXII, č. 20 (2011), s. 11
|
| 852 |
|
|
|a PPPK
|b KIS3GCP
|
| 999 |
|
|
|c 1807221
|d 1809151
|